Statistics for History Chain Quiz #1

Click here to take the quiz!

General Stats

  • This quiz has been taken 137 times
    (119 since last reset)
  • The average score is 8 of 15

Answer Stats

ClueAnswer% Correct
Former language of RomeLatin
96%
Famous Parisian Cathedral Notre Dame
93%
Germany, Italy, and JapanAxis
92%
Turkish EmpireOttoman
85%
Historical trade routeSilk Road
84%
Their capital was TenochtitlanAztecs
83%
Capital of South VietnamSaigon
64%
Former German State Prussia
62%
Mundus NovusNew World
46%
Empire established by BaburMughal
21%
Japanese feudal lordDaimyo
10%
A proponent of CynicismDiogenes
8%
Former Iranian civilisation Elam
8%
Ancient Indian university Nalanda
3%
Thassalocracy in Southeast AsiaSrivijaya
1%

Score Distribution

Percentile by Number Answered

Percent of People with Each Score

Your Score History

You have not taken this quiz since the last reset